Wickhams legend: the true-false story of the rubber seed theft in Brazil (Record no. 72424)

MARC details
000 -LEADER
fixed length control field 00493nam a2200181Ia 4500
100 ## - MAIN ENTRY--AUTHOR NAME
Personal name Serier J B
245 #0 - TITLE STATEMENT
Title Wickhams legend: the true-false story of the rubber seed theft in Brazil
260 ## - PUBLICATION, DISTRIBUTION, ETC. (IMPRINT)
Name of publisher Cahiers du Bresil Contemporain (France)
Year of publication 19-Sep
300 ## - PHYSICAL DESCRIPTION
Number of Pages 1993
500 ## - GENERAL NOTE
General note Source Year: 1995
650 ## - SUBJECT ADDED ENTRY--TOPICAL TERM
Topical Term Brazil
650 ## - SUBJECT ADDED ENTRY--TOPICAL TERM
Topical Term Hevea brasiliensis
650 ## - SUBJECT ADDED ENTRY--TOPICAL TERM
Topical Term History
650 ## - SUBJECT ADDED ENTRY--TOPICAL TERM
Topical Term Rubber crops
856 ## - ELECTRONIC LOCATION AND ACCESS
Uniform Resource Identifier ATA
942 ## - ADDED ENTRY ELEMENTS (KOHA)
Koha item type Journals
Holdings
Withdrawn status Lost status Damaged status Not for loan Home library Current library Shelving location Date acquired Serial Enumeration / chronology Koha item type
      Journals RRII Library RRII Library Rubber general 17/12/2021 Volume No, Issue 21 Journals